000 00648nam a2200265Ia 4500
005 20260121173632.0
008 008 260114s9999 xx 000 0 eng d
020 _a9783662445815
037 _aEBOOK
040 _aCRL
040 _beng
040 _cCRL
041 _2eng
041 _aeng
084 _qCRL
100 _aR.A. Evarestov
_91103319
245 0 _aTheoretical Modeling of Inorganic Nanostructures
260 _bSpringer
260 _bSpringer
260 _c2015
856 _uhttps://link.springer.com/openurl?genre=book&isbn=978-3-662-44581-5
942 _cEBOOK
999 _c1669064
_d1669064